000 00683nam a2200253Ia 4500
003 OSt
005 20220918193244.0
006 a|||||r|||| 00| 0
007 ta
008 220917b |||||||| |||| 00| 0 eng d
024 _a72,410
037 _cTextual
040 _aARTS
_cARTS
_beng
041 _2eng
_aeng
082 _aR4, N0
100 _aScott G E
_981334
245 0 _aMoral personhood
_b an essasy in the philosophy on moral psychology
260 _aN.Y
_bState Univ Of N Y Press
_c1990
300 _axvi,202p.
_ccm.
490 _aSuny series in ethical theory
650 _aETHICS
942 _hR4, N0
_cTEXL
_2CC
999 _c198398
_d198398